02795nam a22002777a 45000010005000000030006000050050017000110080041000280200018000690400029000870500008001160820012001241000021001362450298001572600043004553000050004984900041005485050008005895201238005975200465018355210029023005210020023296500089023496500051024387000028024898646FISKH20251007145355.0251007b cb ||||| |||| 00| 0 eng d a9789995099862 aFISKHbkhrcFISKHdFISKH aPZ7 a895.966 aSotheary, Kimsun aកូនពស់កេងកង :bThe son of Keng Kang snake / cអ្នកស្រី គឹមស៊ុន សុធារី , គណះកម្មការអំនាន កញ្ញា វ៉ាត ចរិយា និង កញ្ញា ផូ វល្ខវឌ្ឍនា​ aPhnom Penh : bReading Books , c2009. a24 pages : bcolor illustrations ; c25 cm .  aពិភពរឿងនិទាន aK  aល្វាចេកគឺជាម្តាយចុងរបស់សូរិយា។ ម្តាយរបស់នាងមិនចូលចិត្តនាង ហើយចង់ឲ្យនាងចេញពីផ្ទះ។ ថ្លែងពីកូនពស់កេងកងតូចមួយដែលលាក់ខ្លួននៅក្នុងរូង ហើយអាចបម្លែងខ្លួនទៅជាបុរសស្អាតបាន។ គាត់កំពុងជិះទូក ពេលដែលបានជួបសូរិយា ដែលកំពុងលោតលង់ទឹក ហើយពួកគេបានស្រលាញ់គ្នា។ ម្តាយរបស់នាងមិនសប្បាយចិត្ត និងចង់ឲ្យគាត់ត្រឡប់ទៅសត្វពស់វិញ ដូច្នេះនាងបានឲ្យគាត់ផឹកថ្នាំមួយ ដែលបានបម្លែងគាត់ទៅជាពស់ភ្លាមៗ។ សូរិយាបានយំ ពេលដែលបានឃើញប្ដីរបស់នាងនៅក្នុងស្ថានភាពដូច្នេះ។ aLvea Chek is Sorya’s stepmother. Her stepmother doesn’t like her and wants her to leave the house. Let's talk about a baby snake hiding in a cave that can transform itself into a handsome man. He was sailing when he met Sorya, who was drowning, and they fell in love. Her stepmother was unhappy and wanted him to turn back into a snake, so she gave him medicine that immediately transformed him into a snake. Sorya cried when she saw her husband like this.8 a510 bLexile estimate 8 aK bRaz-Plus  aកូនពស់កេងកងvអក្សរសិល្ប៏ខ្មែរ  aThe son of Keng Kang snake vKhmer Literature  aSan , ThaieIllustrator